| 000 | 00448nam a22001337a 4500 | ||
|---|---|---|---|
| 008 | 160322b xxu||||| |||| 00| 0 eng d | ||
| 050 | _aPG3456.A13 L5 | ||
| 245 |
_aAnton Chekhov: _bselected works in two volumes _c/ edited by Ivy Litvinov andKathleen Cook. |
||
| 260 |
_aMoscow _bRaduga Publishers _c1973 |
||
| 300 |
_avol.2, 254p. ; _c21cm. |
||
| 700 |
_aLitvinov, Ivy _etr. _923284 |
||
| 700 |
_aCook, Kathleen _etr. _923285 |
||
| 942 |
_2lcc _cMONOGRAPH |
||
| 999 |
_c124462 _d124462 |
||